000 00550nam a2200181 a 4500
001 000046636
005 20240417195416.0
008 090623s19uu dr 000 0 spa d
020 _a9789945606034
040 _aDO-SdBNP
_bspa
_cBNPHU
082 _a323
_bD295u
245 0 0 _aDeclaración universal de los Derechos Humanos :
_bproclamación de Teherán /
_c[190?].
260 _aSanto Domingo :
_bEditora Dalís,.
300 _a12 p. ;
_c22 cm.
590 _aInventariado, 2018/VM
650 0 _aDerechos humanos
_9658
650 0 _aDerecho civil
_95702
999 _c46125
_d46125